000 00473nam a2200193Ia 4500
005 20240823043600.0
008 240823s9999||||xx |||||||||||||| ||und||
020 _a978-81-224-1473-7
041 _aENGLISH
082 _A511 P8
100 _aNatarajan A M
245 0 _aTheory of Computation
250 _a1st
260 _c2008
_bNew Age International (P
_aNew Delhi
500 _aTRANSFERED
650 _aComputation
_bMathematics
942 _cBK
999 _c210561
_d210561